000 00317nam a22001457a 4500
003 SGT
082 _a616.01
_bM16A
100 _aARORA, D.R.
245 _aMICROBIOLOGY FOR NURSING & ALLIED SCIENCES
250 _a2ND
260 _aINDIA
_bCBS PUB
_c2016
300 _a394
650 _aHOMOEOPATHIC
942 _2ddc
_cBK
999 _c18524
_d18524